LEADER 01499oam 2200517zu 450 001 9910454319203321 005 20210721060141.0 010 $a1-282-85497-6 010 $a9786612854972 010 $a0-7735-6709-7 035 $a(CKB)1000000000714010 035 $a(SSID)ssj0000277083 035 $a(PQKBManifestationID)11221984 035 $a(PQKBTitleCode)TC0000277083 035 $a(PQKBWorkID)10227161 035 $a(PQKB)10675092 035 $a(MiAaPQ)EBC3331129 035 $a(MiAaPQ)EBC3245384 035 $a(EXLCZ)991000000000714010 100 $a20160829d1998 uy 101 0 $aeng 181 $ctxt 182 $cc 183 $acr 200 10$aAt the origin of the Christian claim 210 31$a[Place of publication not identified]$cMcGill Queen's University Press$d1998 300 $aBibliographic Level Mode of Issuance: Monograph 311 $a0-7735-1627-1 311 $a0-7735-1714-6 606 $aChristianity$xOrigin 606 $aChristianity$2HILCC 606 $aReligion$2HILCC 606 $aPhilosophy & Religion$2HILCC 615 0$aChristianity$xOrigin 615 7$aChristianity 615 7$aReligion 615 7$aPhilosophy & Religion 676 $a230/.2 700 $aGiussani$b Luigi$0159648 701 $aGiussani$b L$0975725 701 $aHewitt$b Viviane$0971024 801 0$bPQKB 906 $aBOOK 912 $a9910454319203321 996 $aAt the origin of the Christian claim$92221882 997 $aUNINA